000 00430nam a22001697a 4500
999 _c1571
_d1570
005 20210925151042.0
008 160524b xxu||||| |||| 00| 0 eng d
020 _a978-0-07-024907-3
041 _aeng
082 _b4638
100 _aChandra, Prasanna
_91156
245 _aInvestment Analysis and Portfolio Management
260 _aNew Delhi
_bAcademic Faundation
300 _a726
650 _aManagement
_9241
942 _cBK